Score 0/23 Timer 05:00
5 Plays Today
% Correct
Canada
99.8%
United States
99.1%
Mexico
98.9%
Panama
86%
Belize
83.4%
Guatemala
82%
Honduras
80.6%
El Salvador
79.6%
Nicaragua
79%
Costa Rica
78.9%
Cuba
75.4%
Haiti
73.7%
% Correct
Dominican Republic
72.6%
Jamaica
69.2%
Bahamas
68.2%
Trinidad and Tobago
65.2%
Grenada
57.1%
St. Lucia
56.3%
St. Vincent-Grenadines
56%
St. Kitts and Nevis
53.3%
Barbados
52.8%
Dominica
52.7%
Antigua and Barbuda
51.6%

You're not logged in!

Compare scores with friends on all Sporcle quizzes.
OR
Log In

Sporcle TV

Today on Sporcle TV


Watch our educational content, quiz creation guides, and fun videos on Sporcle TV.

Show Comments

Extras

Top Quizzes Today


Score Distribution

Your Account Isn't Verified!

In order to create a playlist on Sporcle, you need to verify the email address you used during registration. Go to your Sporcle Settings to finish the process.

Report this User

Report this user for behavior that violates our Community Guidelines.

Details: